| 000 | 01610nam a22002057a 4500 | ||
|---|---|---|---|
| 005 | 20260131163742.0 | ||
| 008 | 240716b ||||| |||| 00| 0 eng d | ||
| 020 | _a9780367238131 | ||
| 040 | _cAL | ||
| 041 | _aEnglish | ||
| 082 |
_a548.5 _bBHAI |
||
| 100 |
_aBhat H L _9173609 |
||
| 245 |
_aIntroduction to crystal growth _b: principles and practice |
||
| 260 |
_aBoca Raton _bCRC Press _c2016 |
||
| 300 |
_axvii,328p. _bPB _c22.8X15.3cm |
||
| 365 |
_2General _a298 _b₹1596.00 _c₹ _d₹1995.00 _e20% _f16-04-2024 |
||
| 520 | _aIntroduction to Crystal Growth: Principles and Practice teaches readers about crystals and their origins. It offers a historical perspective of the subject and includes background information whenever possible. The first section of this introductory book takes readers through the historical development and motivation of the field of crystal growth. With more than 40 years of experience in the field, the author covers nucleation, two-dimensional layer growth mechanism, defects in crystals, and screw dislocation theory of crystal growth. He also explains some aspects of the important subject of phase diagrams. The second section focuses on the experimental techniques of crystal growth. For practicing crystal growers, the book provides nuts-and-bolts techniques and tips. It discusses the major techniques categorized by solid–solid, liquid–solid, and vapor–solid equilibria and describes characterization techniques essential to measuring the quality of grown crystals. | ||
| 650 |
_2Crystallography _aFormation and growth of crystals _9173610 |
||
| 942 |
_2ddc _cBK |
||
| 999 |
_c231455 _d231455 |
||